000 00559nam a2200217Ia 4500
003 OSt
005 20220926040651.0
006 a|||||r|||| 00| 0
007 ta
008 220923b |||||||| |||| 00| 0 eng d
037 _cGeneral Book
040 _aRTL
_cRTL
_beng
041 _2eng
_aeng
082 _aX:8b4, K6
100 _aHalpin Andrew W
_9139847
245 0 _aTheory and research in administration
260 _c1966
650 _aManagement
_930681
942 _hX:8b4, K6
_cGB
_2CC
999 _c665333
_d665333